000 00756nam a2200241 i 4500
001 C2-0318309
003 PPAK
005 20180728114300.0
008 121008s2011 my a|||| ||||| | may d
040 _aPPAK
_beng
_cPPAK
_erda
082 0 4 _a352.0595
_223
090 0 0 _a352.0595
_bMAL
_dR
110 2 _aMalaysia. Majlis Perbandaran Pasir Gudang
245 0 0 _aLaporan tahunan 2011
264 1 _aJohor :
_bMajlis Perbandaran Pasir Gudang ,
_c2011
300 _a108 pages :
_bcolour illustrations ;
_c29 cm
336 _2rdacontent
_atext
337 _2rdamedia
_aunmediated
338 _2rdacarrier
_avolume
650 1 0 _aLocal government - Malaysia - Periodicals
710 2 _aMalaysia. Majlis Perbandaran Pasir Gudang
_eorganizer
942 _ddc
_cB
999 _c119272
_d119272